| 000 | 00884nam a2200253 i 4500 | ||
|---|---|---|---|
| 001 | 187042 | ||
| 003 | SpMaBN | ||
| 005 | 20230906222813.0 | ||
| 008 | 170404s1995 mx fo |||| |bspa d | ||
| 020 | _a968-36-4110-5 | ||
| 080 | _a929 Reyes, Alfonso | ||
| 100 | 1 |
_aCuriel, Fernando. _942216 |
|
| 245 | 1 | 3 |
_aEl cielo no se abre _b: semblanza documental de Alfonso Reyes / _cFernando Curiel. |
| 250 | _a1ª ed. | ||
| 260 |
_aMéxico : _bUniversidad Nacional Autónoma de México : _bEl Colegio Nacional, _c1995. |
||
| 300 |
_a244 p., [11] p. de lám. fot. ; _c23 cm. |
||
| 504 | _aBibliografía: p. 239-241. | ||
| 600 | 1 | 4 |
_aReyes, Alfonso, _d1889-1959 _996554 |
| 700 | 1 |
_aReyes, Alfonso, _d1889-1959 _996554 |
|
| 710 | 2 |
_aUniversidad Nacional Autónoma de México. _97397 |
|
| 710 | 2 |
_aColegio Nacional (México) _92941 |
|
| 852 |
_aES-MaACL _jL-31363 |
||
| 999 |
_c187042 _d187042 |
||